000 00670nam a2200205 i 4500
001 19447
003 ES-MaACL
005 20250902174537.0
007 t|
008 020828s2001 ve a |||| |dspa d
020 _a958-8052-93-9
080 _a821.134.2(861) García Márquez, Gabriel 1.07
245 0 0 _aGabo
_b: ritmo, percusión y voces.
260 _a[Bogotá] :
_bMinisterio de Cultura,
_c[2001]
300 _a197 p. :
_bil. ;
_c24 cm.
500 _aEn la port.: Fundación Festival de la Leyenda Vallenata.
600 1 4 _aGarcía Márquez, Gabriel,
_d1927-2014-
_xCrítica e interpretación
_954890
852 _aES-MaACL
_jL-25881
999 _c19447
_d19447